| 000 | 00706nam a2200229 i 4500 | ||
|---|---|---|---|
| 001 | 142501 | ||
| 003 | ES-MaACL | ||
| 005 | 20250913171946.0 | ||
| 007 | t| | ||
| 008 | 071005s1948 sp ||||1| cat d | ||
| 080 | _a863-32"19" | ||
| 100 | 1 |
_aVilanova, Emili. _9114775 |
|
| 245 | 1 | 0 |
_aNarracions / _cEmili Vilanova ; tria, text i próleg de R. Aramon i Serra. |
| 250 | _a1ª ed. | ||
| 260 |
_aBarcelona : _bAyma, _c1948 ( _fJ. Bertrán) |
||
| 300 |
_a150 p. ; _c16 cm. |
||
| 490 | 1 |
_aCol.lecció literaria Aymá ; _v5 |
|
| 700 | 1 |
_aAramon i Serra, R., _d1907-2000 _922236 |
|
| 830 | 0 |
_aCol.lecció literaria Aymá ; _v5 _9182705 |
|
| 852 |
_aES-MaACL _jE-305 _bR.26307 |
||
| 999 |
_c142501 _d142501 |
||